000 00624cam a2200205 a 4500
001 000006301
005 20200929153918.0
008 760217s1964 mx 001 1 spa
040 _aDO-SdBNP
_cTxEU
_dOCoLC
_dDLC
082 _ann
_bZ94t
100 1 _aZuckermann, Lydia.
_917586
245 1 0 _aTriste columpio /
_cLydia Zuckermann.
260 _aMéxico, :
_bJoaquín Mortiz,
_c1964.
300 _a334 p. ;
_c20 cm.
490 1 _aNovelistas contemporáneos
650 4 _aNovela francesa
_91075
650 4 _aLiteratura francesa
_91074
830 0 _aNovelistas contemporáneos.
_911918
910 _aCatalogación por copia / LC
999 _c6096
_d6096